| 000 | 01181cam a2200313 a 4500 | ||
|---|---|---|---|
| 001 | 13465780 | ||
| 003 | NUST | ||
| 005 | 20211020150619.0 | ||
| 008 | 040122r20041946nyua b 000 0 eng | ||
| 010 | _a 2004041435 | ||
| 020 | _a9780486474403 | ||
| 038 | _akhadija | ||
| 040 |
_aDLC _cDLC _dDLC |
||
| 050 | 0 | 0 |
_aQC638 _b.G78 2004 |
| 082 | 0 | 0 |
_a621.319 _222 _bGRO |
| 100 | 1 |
_aGrover, Frederick W. _q(Frederick Warren), _d1876-1973. _934667 |
|
| 245 | 1 | 0 |
_aInductance calculations : _bworking formulas and tables / _cFrederick W. Grover. |
| 260 |
_aMineola, N.Y. : _bDover Publications, _c2018. |
||
| 300 |
_axiv, 286 p. : _bill. ; _c23 cm. |
||
| 440 | 0 |
_aDover phoenix editions _934668 |
|
| 500 | _aOriginally published: New York : D. Van Nostrand Co., 1946. | ||
| 504 | _aIncludes bibliographical references (p. 283-286). | ||
| 563 | _aPB | ||
| 650 | 0 |
_aInductance. _934669 |
|
| 856 | 4 | 2 |
_3Publisher description _uhttp://www.loc.gov/catdir/enhancements/fy0617/2004041435-d.html |
| 906 |
_a7 _bcbc _corignew _d1 _eocip _f20 _gy-gencatlg |
||
| 942 |
_2ddc _cBK |
||
| 999 |
_c540575 _d540575 |
||